Statystyki dla Najdroższe transfery w historii piłki nożnej (do 2023)

Kliknij tutaj aby rozwiązać quiz!

Ogólne statystyki

  • Ten quiz został rozwiązany 232 razy
  • Średni wynik to 13 z 25

Statystyki odpowiedzi

WskazówkaOdpowiedzi% Poprawnych
222 mlnNeymar
95%
88 mlnNeymar
95%
90 mlnNeymar
95%
180 mlnMbappe
90%
94 mlnRonaldo
90%
117 mlnRonaldo
90%
135 mlnDembele
63%
103 mlnBellingham
60%
135 mlnCoutinho
57%
115 mlnHazard
52%
100 mlnKane
50%
120 mlnGriezmaan
49%
101 mlnBale
47%
105 mlnPogba
45%
113 mlnLukaku
44%
116 mlnRice
40%
117 mlnGrealish
39%
121 mlnEnzo
38%
127 mlnFelix
36%
87 mlnMaguire
35%
116 mlnCaicedo
29%
95 mlnAntony
25%
90 mlnGvardiol
23%
90 mlnHiguain
15%
95 mlnKolo muani
13%

Rozkład punktacji

Percentyl według liczby udzielonych odpowiedzi

Procent ludzi z każdym wynikiem

Twoja historia wyników

Nie rozwiązałeś tego quizu